Thames Gateway and the Olympic legacy (Record no. 120544)

MARC details
000 -LEADER
fixed length control field 01056cam a2200217 4500
001 - CONTROL NUMBER
control field ##L135721
008 - FIXED-LENGTH DATA ELEMENTS--GENERAL INFORMATION
fixed length control field 061128n 000 0 eng u
035 ## - SYSTEM CONTROL NUMBER
System control number (Sirsi) u135721
041 0# - LANGUAGE CODE
Language code of text/sound track or separate title eng
110 1# - MAIN ENTRY--CORPORATE NAME
Corporate name or jurisdiction name as entry element United Kingdom
Subordinate unit Department for Communities and Local Government
9 (RLIN) 4939
245 00 - TITLE STATEMENT
Title Thames Gateway and the Olympic legacy
520 ## - SUMMARY, ETC.
Summary, etc. Brings together information about existing work and planned development across the Thames Gateway regions of London, South Essex and North Kent. Includes the Thames Gateway Interim Plan, other key publications, news releases, speeches and statements, and film clips. Also covers the impact of the 2012 Olympic Games on the region and investing in the Thames Gateway.
590 ## - LOCAL NOTE (RLIN)
Local note KA
651 #4 - SUBJECT ADDED ENTRY--GEOGRAPHIC NAME
Geographic name LONDON
651 #4 - SUBJECT ADDED ENTRY--GEOGRAPHIC NAME
Geographic name SOUTH ESSEX
651 #4 - SUBJECT ADDED ENTRY--GEOGRAPHIC NAME
Geographic name THAMES GATEWAY
651 #4 - SUBJECT ADDED ENTRY--GEOGRAPHIC NAME
Geographic name NORTH KENT
690 ## - LOCAL SUBJECT ADDED ENTRY--TOPICAL TERM (OCLC, RLIN)
Topical term or geographic name as entry element PROPERTY-PROPERTY DEVELOPMENT-STRATEGIC PROPERTY DEVELOPMENT
856 40 - ELECTRONIC LOCATION AND ACCESS
Uniform Resource Identifier <a href="https://www.communities.gov.uk/index.asp?id=1140187">https://www.communities.gov.uk/index.asp?id=1140187</a>
Public note View the website free of charge at www.communities.gov.uk...
942 ## - ADDED ENTRY ELEMENTS (KOHA)
Suppress in OPAC 0
Holdings
Withdrawn status Lost status Source of classification or shelving scheme Damaged status Not for loan Home library Current library Shelving location Date acquired Total Checkouts Full call number Barcode Date last seen Copy number Price effective from Koha item type
    Dewey Decimal Classification     Virtual Virtual Online 28/11/2006   WEB SITE 135721-2001 06/08/2019 1 06/08/2019 Online material